000 00861nam a2200277 a 4500
003 DO-SdBNP
005 20220830142721.0
007 ta
008 220830e1992 xu a|||gr|||| 001 0 eng d
020 _a0816725853
040 _aDO-SdBNP
_bspa
_cBNPHU
041 _heng.
082 4 _222
_bR332
100 1 _aReeves, Barbara
_982286
245 1 0 _aA treasury of whole language:
_bliterature ideas. /
_cBarbaraReeves; Ilustración, Doug Roy
260 _aUnited State of America :
_bTroll Associates,
_c1992
300 _a96 p :
_bil. ;
_c28 cm.
490 1 _aTroll Teacher Ideas
590 _aInventariado 2022 / MF
650 4 _93886
_aInglés
_xGramatica
_xLibro De Texto
650 4 _928682
_aIdioma Inglés
_vLectura
_xLibro De Texto
700 _966096
_aRoy, Doug
_eil.
830 _aTroll Teacher Ideas
_982287
910 _aMFeliz
942 _2ddc
_cLBS1
999 _c52340
_d52340